[Event "SVK-ch U14 Girls"]
[Site "Stara Lubovna"]
[Date "2021.06.26"]
[Round "1"]
[White "Bochnickova, Simona"]
[Black "Dudova, Viktoria"]
[Result "1-0"]
[WhiteElo "1718"]
[BlackElo "1035"]
[PlyCount "59"]
[EventDate "2021.06.26"]
[EventType "swiss"]
[EventRounds "9"]
[EventCountry "SVK"]
[SourceTitle "CBM 203 Extra"]
[Source "ChessBase"]
[SourceDate "2021.09.30"]
[SourceVersion "1"]
[SourceVersionDate "2021.09.30"]
[SourceQuality "1"]

1. e4 c5 2. Nf3 d6 3. d4 cxd4 4. Qxd4 Nf6 5. Nc3 Nc6 6. Bb5 Bd7 7. Bxc6 Bxc6 8. Bg5 g6 9. Bxf6 exf6 10. 0-0-0 Be7 11. Qe3 0-0 12. Nd4 Qd7 13. f4 a5 14. Qg3 d5 15. exd5 Bxd5 16. Ndb5 Qc6 17. Rxd5 Bb4 18. Rhd1 Bxc3 19. Nxc3 Rac8 20. Rd6 Qc4 21. Rxf6 b5 22. Qd3 Qc5 23. Qxb5 Qa7 24. Qb6 Qa8 25. f5 Rfe8 26. fxg6 fxg6 27. Rxg6+ hxg6 28. Qxg6+ Kh8 29. Rd7 Rg8 30. Rh7# 1-0

[Event "SVK-ch U12 Girls"]
[Site "Lubovna"]
[Date "2020.08.16"]
[Round "2"]
[White "Novomeska, Karin"]
[Black "Dudova, Viktoria"]
[Result "1/2-1/2"]
[WhiteElo "1465"]
[BlackElo "1091"]
[PlyCount "76"]
[EventDate "2020.08.15"]
[EventType "tourn"]
[EventRounds "9"]
[EventCountry "SVK"]
[SourceTitle "EXT 2021"]
[Source "ChessBase"]
[SourceDate "2020.10.23"]
[SourceVersion "1"]
[SourceVersionDate "2020.10.23"]
[SourceQuality "1"]

1. Nf3 d5 2. g3 Bf5 3. Bg2 g6 4. 0-0 Bg7 5. d3 Nc6 6. Re1 Nf6 7. Nbd2 0-0 8. Nf1 Qd7 9. h4 Rad8 10. N1h2 Rfe8 11. Bg5 e5 12. Bxf6 Bxf6 13. Qc1 e4 14. dxe4 dxe4 15. Ng5 h6 16. Nxe4 Bxe4 17. Bxe4 Rxe4 18. Qxh6 Bxb2 19. Rab1 Bg7 20. Qg5 b6 21. h5 Re5 22. Qf4 Rxh5 23. g4 Rh6 24. Qf3 Ne5 25. Qg3 Bf6 26. g5 Rh3 27. Qf4 Bg7 28. f3 Qd4+ 29. Qxd4 Rxd4 30. Rbd1 Rdh4 31. Ng4 Nxg4 32. fxg4 Bd4+ 33. Kg2 Rh2+ 34. Kf3 Rf2+ 35. Kg3 Rhh2 36. Rxd4 Rxe2 37. Rxe2 Rxe2 38. Rc4 c5 1/2-1/2

[Event "SVK-ch U12 Girls"]
[Site "Liptovsky Mikulas"]
[Date "2019.04.29"]
[Round "8"]
[White "Dudova, Viktoria"]
[Black "Simalcikova, Sara"]
[Result "0-1"]
[WhiteElo "1000"]
[BlackElo "1117"]
[PlyCount "38"]
[EventDate "2019.04.23"]
[EventType "swiss"]
[EventRounds "9"]
[EventCountry "SVK"]
[SourceTitle "CBM 190 Extra"]
[Source "ChessBase"]
[SourceDate "2019.07.15"]
[SourceVersion "1"]
[SourceVersionDate "2019.07.15"]
[SourceQuality "1"]

1. e4 e5 2. Nf3 Nc6 3. Bc4 d6 4. d3 Bg4 5. h3 Bh5 6. 0-0 Qd7 7. Nc3 Nd4 8. Be3 Nxf3+ 9. gxf3 Qxh3 10. Qe2 Bxf3 11. Qxf3 Qxf3 12. Nd5 Kd8 13. a4 h5 14. Ra3 h4 15. d4 f6 16. Bd2 Qg4+ 17. Kh1 Qxe4+ 18. Kg1 h3 19. Ne3 h2# 0-1

[Event "SVK-ch U12 Girls"]
[Site "Liptovsky Mikulas"]
[Date "2019.04.25"]
[Round "4"]
[White "Dudova, Viktoria"]
[Black "Cirska, Nina"]
[Result "0-1"]
[WhiteElo "1000"]
[BlackElo "1145"]
[PlyCount "114"]
[EventDate "2019.04.23"]
[EventType "swiss"]
[EventRounds "9"]
[EventCountry "SVK"]
[SourceTitle "CBM 190 Extra"]
[Source "ChessBase"]
[SourceDate "2019.07.15"]
[SourceVersion "1"]
[SourceVersionDate "2019.07.15"]
[SourceQuality "1"]

1. e4 c6 2. d3 d5 3. Nc3 d4 4. Nce2 e5 5. Nf3 Bd6 6. c3 c5 7. b4 b6 8. Qb3 h6 9. Qd5 Ne7 10. Qxa8 Nbc6 11. b5 Qd7 12. bxc6 Nxc6 13. Ng3 0-0 14. cxd4 cxd4 15. Be2 Bb7 16. Qxf8+ Bxf8 17. 0-0 Qe6 18. Bd2 Ba6 19. h3 Nb8 20. Rfc1 Bd6 21. a4 Nd7 22. Bd1 Nc5 23. Rab1 Bxd3 24. Rb2 Bxe4 25. Nxe4 Nxe4 26. Bb4 Bxb4 27. Rxb4 Nc3 28. Bc2 Ne2+ 29. Kf1 Nxc1 30. a5 Na2 31. Rb2 Nc3 32. Ke1 Qd5 33. axb6 axb6 34. Rxb6 g6 35. Bb3 Qe4+ 36. Kd2 Nd5 37. Bxd5 Qxd5 38. Rb4 Qa5 39. Nxe5 Qxb4+ 40. Kd3 Qb5+ 41. Kxd4 Qb6+ 42. Kd3 Qxf2 43. Ng4 Qh4 44. Ke4 h5 45. Kf4 hxg4 46. hxg4 Qf2+ 47. Kg5 Qxg2 48. Kf6 Qf3+ 49. Kg5 Kg7 50. Kh4 Qd5 51. Kg3 Kf6 52. Kh3 Kg5 53. Kg3 Qd3+ 54. Kf2 Kxg4 55. Kg2 Qe2+ 56. Kh1 Kg3 57. Kg1 Qg2# 0-1

[Event "SVK-ch U12 Girls"]
[Site "Liptovsky Mikulas"]
[Date "2019.04.23"]
[Round "1"]
[White "Kapolkova, Greta"]
[Black "Dudova, Viktoria"]
[Result "1-0"]
[WhiteElo "1393"]
[BlackElo "1000"]
[PlyCount "43"]
[EventDate "2019.04.23"]
[EventType "swiss"]
[EventRounds "9"]
[EventCountry "SVK"]
[SourceTitle "CBM 190 Extra"]
[Source "ChessBase"]
[SourceDate "2019.07.15"]
[SourceVersion "1"]
[SourceVersionDate "2019.07.15"]
[SourceQuality "1"]

1. e4 e5 2. Bc4 Bc5 3. c3 d6 4. d4 Bb6 5. Nf3 Nc6 6. Qd3 Nf6 7. h3 0-0 8. Bg5 Re8 9. 0-0 a6 10. Nbd2 Ba7 11. a4 Na5 12. Ba2 Nc6 13. Rfe1 Qd7 14. Nf1 Ne7 15. Ne3 c5 16. dxe5 dxe5 17. Nxe5 Nc6 18. Nxd7 Rd8 19. Nxf6+ gxf6 20. Qc4 b5 21. Qxf7+ Kh8 22. Bxf6# 1-0